| 000 | 00960cam a22001934a 4500 | ||
|---|---|---|---|
| 005 | 20250605163218.0 | ||
| 008 | 250528s ||||||||||||||||||||||||d | ||
| 035 | _a14579 | ||
| 020 | _a9600309698 | ||
| 040 |
_aGR-AtMCL _bgre _dGR-AtMCL _eAACR2 |
||
| 245 | 1 | _aΞυπνήματα | |
| 260 |
_bΚαστανιώτη, _c1996 |
||
| 300 | _a480 | ||
| 520 | _aΕισαγωγή, Προλογικά, Νόσος του Parkinson και Παρκινσονισμός, Η Νόσος του Ύπνου (Ληθαργική Εγκεφαλίτις), Τα Επακόλουθα της Νόσου του Ύπνου (1927-67), Ξυπνήματα, Προπτικές, Δοκιμασία, Προσαρμογή, Επίλογος, Υστερόγραφο, Παραρτήματα, Γλωσσάρι, Περιορισμένη Χρήσιμη Βιβλιογραφία, Βιβλιογραφιά. | ||
| 700 | 1 | _aΣακς Όλιβερ | |
| 942 | _cBK | ||
| 999 |
_c203 _d203 |
||